Modern aayi model R.P.S. (Record no. 75671)

MARC details
000 -LEADER
fixed length control field 00273nam a22001217a 4500
100 ## - MAIN ENTRY--AUTHOR NAME
Personal name Sleeba V. Paul
245 ## - TITLE STATEMENT
Title Modern aayi model R.P.S.
260 ## - PUBLICATION, DISTRIBUTION, ETC. (IMPRINT)
Name of publisher Rubber, 711(August): 22-24.
Year of publication 2025
300 ## - PHYSICAL DESCRIPTION
Other physical details Malayalam
650 ## - SUBJECT ADDED ENTRY--TOPICAL TERM
Topical Term R.P.S
942 ## - ADDED ENTRY ELEMENTS (KOHA)
Koha item type Journals
Holdings
Withdrawn status Lost status Damaged status Not for loan Home library Current library Date acquired Koha item type
        RRII Library RRII Library 26/09/2025 Journals